UK Towns & Cities Named for People - Statistics

General Stats
  • This quiz has been taken 199 times
    169 since last reset
  • The average score is 5 of 18
Answer Stats
Hint Lived Place % Correct
Bishop c. 500 - 589 Saint David St Davids WA
78%
Admiral* 1758 - 1805 Horatio Nelson Nelson EN
67%
Apostle c. 5 - 60 Saint Andrew St Andrews SC
65%
Martyr 300s Saint Alban St Albans EN
52%
Bishop 500s Saint Asaph St Asaph WA
43%
Apostle 0s Saint Peter Peterborough EN
42%
King c. 841 - 869 Saint Edmund Bury St Edmunds EN
34%
King 1650 - 1702 William III Fort William SC
30%
Engineer 1757 - 1834 Thomas Telford Telford EN
24%
Missionary 400s Saint Ia St Ives EN
19%
Monk 800s Saint Neot St Neots EN
14%
Noblewoman c. 935 - 1005 Wulfrun Wolverhampton EN
14%
Miner's leader 1864 - 1935 Peter Lee Peterlee EN
12%
King c. 990 - 1035 Cnut Knutsford EN
11%
Noblewoman 1717 - 1791 Helen Sutherland Helensburgh SC
10%
NI prime minister 1871 - 1940 James Craig Craigavon NI
9%
Monk c. 634 - 687 Saint Cuthbert Kirkcudbright SC
5%
Nobleman c. 1030 - 1094 Roger de Montgomery Montgomery WA
2%
No matching quizzes found
Score Distribution
Percent of People with Each Score
Percentile by Number Answered
Your Score History
You have not taken this quiz since the last reset